Célébrités par skin Fortnite #1 - Statistiques

Statistiques générales
  • Ce quiz a été pris 3 710 fois
  • Le résultat moyen est 14 sur 16
Statistiques - réponses
Par images Réponse % Correct
Lionel Messi
100%
Eminem
95%
Bruno Mars
94%
MrBeast
92%
Travis Scott
92%
Ariana Grande
91%
Snoop Dogg
91%
Neymar
89%
The Weeknd
89%
LeBron James
85%
Marshmello
85%
Billie Eilish
82%
Mariah Carey
80%
Harry Kane
72%
Lewis Hamilton
65%
Lady Gaga
64%
Aucun quiz correspondant
Distribution des résultats
% des personnes avec chaque résultat
Percentile par nombre de réponses
Votre historique - résultats
Vous n’avez pas pris ce quiz